Vestník dobrovoľných dražieb

Bibliographic Details
Previous Title:Dražobný vestník
Format: Journal
Language:Slovak
PhysicalDescription:zv. 30 cm
Published: Zvolen Prvá aukčná s.r.o. 2018-
Subjects:

MARC

LEADER 00000nas a22000004a 4500
001 vtls011740680
003 SK-MaSNL
005 20260305121010.0
008 180207c20189999xo fr p 001 b0slo c
040 |a SVKPO  |b slo  |c SVKPO  |e AACR2 
041 0 |a slo 
044 |a xo  |c SK 
080 |a 247.214.2  |2 2011 
080 |a 347.451.6  |2 2011 
245 0 0 |a Vestník dobrovoľných dražieb 
260 |a Zvolen  |b Prvá aukčná s.r.o.  |c 2018- 
300 |a zv.  |c 30 cm 
310 |a 2x ročne + mimoriadne vydania 
362 0 |a Roč. 1, č. 1 (2018)- 
650 0 7 |a nehnuteľnosti  |2 SNKPH  |9 3653 
650 0 7 |a Reality  |2 SNKPH  |9 236427 
650 0 7 |a verejné služby  |2 SNKPH  |9 1540 
780 0 0 |t Dražobný vestník 
999 |c 3360949  |d 3362879